Zmeny v miestnych daniach platné od 1. 12. 2007

Účinnosť novely zákona č. 582/2004 Z.z. o miestnych daniach a poplatkoch č. 538/2007. Zmeny, ktoré sa dotýkajú: dane z motorových vozidiel, dane z nehnuteľností a niektorých ostatných druhov miestnych daní.

Salvato in:
Dettagli Bibliografici
Autore principale: Mihál, Pavol
Natura: Capitolo di libro
Lingua:slovacco
Soggetti:
Tags: Aggiungi Tag
Nessun Tag, puoi essere il primo ad aggiungerne!!

MARC

LEADER 00000nla$a2200000$$$4500
001 0069577
005 20240502071835.8
041 0 |a slo 
044 |a SK 
245 1 0 |a Zmeny v miestnych daniach platné od 1. 12. 2007  |c Pavol Mihál 
520 |a Účinnosť novely zákona č. 582/2004 Z.z. o miestnych daniach a poplatkoch č. 538/2007. Zmeny, ktoré sa dotýkajú: dane z motorových vozidiel, dane z nehnuteľností a niektorých ostatných druhov miestnych daní. 
610 2 0 |a dane 
610 2 0 |a daňovníci 
610 2 0 |a dane z nehnuteľností 
610 2 0 |a dane z vozidiel motorových 
610 2 0 |a dane miestne 
610 2 0 |a novelizácia 
610 2 0 |a legislatíva 
610 2 0 |a zákony 
610 2 0 |a Slovensko 
100 1 |a Mihál, Pavol